|
|
|
|
| LEADER |
01400nam a2200301 a 4500 |
| 001 |
1491800 |
| 008 |
110613r19882010ii 001 0 eng d |
| 035 |
|
|
|9 (DLC) 88005934
|
| 010 |
|
|
|a 88005934
|
| 020 |
|
|
|a 9788120305960
|
| 020 |
|
|
|a 0131103709
|
| 020 |
|
|
|a 0131103628 (pbk.)
|
| 040 |
|
|
|a DLC
|c DLC
|d DLC
|d BD-DhAAL
|
| 082 |
0 |
0 |
|a 005.13/3
|2 19
|
| 100 |
1 |
|
|a Kernighan, Brian W.
|
| 245 |
1 |
4 |
|a The C programming language /
|c Brian W. Kernighan, Dennis M. Ritchie.
|
| 250 |
|
|
|a 2nd ed.
|
| 260 |
|
|
|a Englewood Cliffs, N.J. :
|b Prentice Hall ;
|a PHI Learning,
|c c1988.[reprinted 2009]
|
| 300 |
|
|
|a xii, 272 p. ;
|c 25 cm.
|
| 500 |
|
|
|a Includes index.
|
| 541 |
1 |
|
|e 00021795
|
| 650 |
|
0 |
|a C (Computer program language)
|
| 700 |
1 |
|
|a Ritchie, Dennis M.,
|d 1941-
|
| 852 |
4 |
|
|a Ayesha Abed Library
|j General Shelf.
|
| 999 |
|
|
|c 10966
|d 10966
|
| 952 |
|
|
|0 0
|1 0
|2 ddc
|4 0
|6 005_133000000000000_KER
|7 0
|9 17172
|a BRACUL
|b BRACUL
|c GEN
|d 2011-06-14
|l 14
|m 132
|o 005.133 KER
|p 3010021795
|r 2025-09-02
|s 2025-07-05
|t 1
|w 2011-06-14
|y BK
|
| 952 |
|
|
|0 0
|1 0
|2 ddc
|4 0
|6 005_133000000000000_KER
|7 0
|9 23035
|a BRACUL
|b BRACUL
|c GEN
|d 2013-07-30
|l 7
|m 78
|o 005.133 KER
|p 3010012376
|r 2024-04-18
|s 2024-01-27
|t 2
|w 2013-07-30
|y BK
|x Price not available in Register
|
| 952 |
|
|
|0 0
|1 0
|2 ddc
|4 0
|6 005_133000000000000_KER
|7 0
|9 23036
|a BRACUL
|b BRACUL
|c GEN
|d 2013-07-30
|g 115.00
|l 6
|m 42
|o 005.133 KER
|p 3010012347
|q 2026-08-04
|r 2026-02-08
|s 2026-02-08
|t 3
|w 2013-07-30
|y BK
|